| 000 | 00814cam a2200265 a 4500 | ||
|---|---|---|---|
| 001 | 1673854 | ||
| 003 | MUT | ||
| 005 | 20240606080958.0 | ||
| 008 | 990125s1999 maua f 001 0 eng | ||
| 010 | _a 98072094 | ||
| 020 | _a0395902207 | ||
| 040 |
_aDLC _cDLC |
||
| 050 | 0 | 0 |
_aQD261 _b.W54 1999 |
| 082 | 0 | 0 |
_a547/.0078 _221 |
| 100 | 1 | _aWilliamson, Kenneth L. | |
| 245 | 1 | 0 | _aMacroscale and microscale organic experiments / |
| 250 | _a3rd ed. | ||
| 260 |
_aBoston : _bHoughton Mifflin, _cc1999. |
||
| 300 |
_axv, 799 p. : _bill. ; _c24 cm. |
||
| 500 | _aIncludes index. | ||
| 650 | 0 |
_aChemistry, Organic _vLaboratory manuals. |
|
| 906 |
_a7 _bcbc _corignew _d2 _eopcn _f19 _gy-gencatlg |
||
| 942 |
_2lcc _cBK |
||
| 999 |
_c5554 _d5554 |
||